<?xml version="1.0" encoding="UTF-8"?>
<record
    xmlns:xsi="http://www.w3.org/2001/XMLSchema-instance"
    xsi:schemaLocation="http://www.loc.gov/MARC21/slim http://www.loc.gov/standards/marcxml/schema/MARC21slim.xsd"
    xmlns="http://www.loc.gov/MARC21/slim">

  <leader>02215    a2200313   4500</leader>
  <controlfield tag="003">NALT</controlfield>
  <controlfield tag="005">20250818221443.0</controlfield>
  <controlfield tag="008">231122b        th ||||| |||| 00| 0 tha d</controlfield>
  <datafield tag="020" ind1=" " ind2=" ">
    <subfield code="a">9789744145512</subfield>
  </datafield>
  <datafield tag="040" ind1=" " ind2=" ">
    <subfield code="a">NALT</subfield>
  </datafield>
  <datafield tag="100" ind1="0" ind2=" ">
    <subfield code="9">62236</subfield>
    <subfield code="a">&#xE2E;&#xE32;&#xE25;&#xE27;&#xE2D;&#xE23;&#xE4C;&#xE2A;&#xE31;&#xE19;, &#xE44;&#xE2E;&#xE14;&#xE35; &#xE01;&#xE23;&#xE32;&#xE19;&#xE15;&#xE4C;.</subfield>
  </datafield>
  <datafield tag="245" ind1="1" ind2="0">
    <subfield code="a">9 &#xE40;&#xE04;&#xE25;&#xE47;&#xE14;&#xE25;&#xE31;&#xE1A;&#xE1B;&#xE23;&#xE30;&#xE2A;&#xE1A;&#xE04;&#xE27;&#xE32;&#xE21;&#xE2A;&#xE33;&#xE40;&#xE23;&#xE47;&#xE08;&#xE27;&#xE34;&#xE16;&#xE35;&#xE2E;&#xE32;&#xE23;&#xE4C;&#xE27;&#xE32;&#xE23;&#xE4C;&#xE14; =     </subfield>
    <subfield code="b">9 things successful people do differently /</subfield>
    <subfield code="c">&#xE42;&#xE14;&#xE22; Heidi Grant Halvorson ; &#xE1C;&#xE39;&#xE49;&#xE41;&#xE1B;&#xE25;, &#xE04;&#xE21;&#xE01;&#xE24;&#xE29; &#xE08;&#xE2D;&#xE07;&#xE1A;&#xE38;&#xE0D;&#xE27;&#xE31;&#xE12;&#xE19;&#xE32;.</subfield>
    <subfield code="h">[electronic resource]</subfield>
  </datafield>
  <datafield tag="260" ind1=" " ind2=" ">
    <subfield code="a">&#xE01;&#xE23;&#xE38;&#xE07;&#xE40;&#xE17;&#xE1E;&#xE2F; :</subfield>
    <subfield code="b">&#xE40;&#xE2D;&#xE47;&#xE01;&#xE0B;&#xE40;&#xE1B;&#xE2D;&#xE23;&#xE4C;&#xE40;&#xE19;&#xE47;&#xE17;,</subfield>
    <subfield code="c">2562.</subfield>
  </datafield>
  <datafield tag="300" ind1=" " ind2=" ">
    <subfield code="a">Online resource</subfield>
  </datafield>
  <datafield tag="505" ind1=" " ind2=" ">
    <subfield code="a">1. &#xE01;&#xE33;&#xE2B;&#xE19;&#xE14;&#xE40;&#xE1B;&#xE49;&#xE32;&#xE2B;&#xE21;&#xE32;&#xE22;&#xE43;&#xE2B;&#xE49;&#xE0A;&#xE31;&#xE14;&#xE40;&#xE08;&#xE19; --
2. &#xE27;&#xE32;&#xE07;&#xE41;&#xE1C;&#xE19;&#xE25;&#xE07;&#xE21;&#xE37;&#xE2D;&#xE17;&#xE33; --
3. &#xE23;&#xE39;&#xE49;&#xE27;&#xE48;&#xE32;&#xE2B;&#xE19;&#xE17;&#xE32;&#xE07;&#xE22;&#xE31;&#xE07;&#xE2D;&#xE35;&#xE01;&#xE44;&#xE01;&#xE25;&#xE40;&#xE17;&#xE48;&#xE32;&#xE43;&#xE14; --
4. &#xE04;&#xE34;&#xE14;&#xE1A;&#xE27;&#xE01;&#xE1A;&#xE19;&#xE04;&#xE27;&#xE32;&#xE21;&#xE40;&#xE1B;&#xE47;&#xE19;&#xE08;&#xE23;&#xE34;&#xE07; --
5. &#xE1E;&#xE31;&#xE12;&#xE19;&#xE32;&#xE15;&#xE31;&#xE27;&#xE40;&#xE2D;&#xE07;&#xE15;&#xE25;&#xE2D;&#xE14;&#xE40;&#xE27;&#xE25;&#xE32; --
6. &#xE21;&#xE31;&#xE48;&#xE19;&#xE04;&#xE07;&#xE2B;&#xE19;&#xE31;&#xE01;&#xE41;&#xE19;&#xE48;&#xE19; --
7. &#xE2A;&#xE23;&#xE49;&#xE32;&#xE07;&#xE1E;&#xE25;&#xE31;&#xE07;&#xE43;&#xE08;&#xE43;&#xE2B;&#xE49;&#xE15;&#xE31;&#xE27;&#xE40;&#xE2D;&#xE07; --
8. &#xE2B;&#xE25;&#xE35;&#xE01;&#xE40;&#xE25;&#xE35;&#xE48;&#xE22;&#xE07;&#xE2A;&#xE16;&#xE32;&#xE19;&#xE01;&#xE32;&#xE23;&#xE13;&#xE4C;&#xE40;&#xE2A;&#xE35;&#xE48;&#xE22;&#xE07; --
9. &#xE2A;&#xE23;&#xE49;&#xE32;&#xE07;&#xE1E;&#xE24;&#xE15;&#xE34;&#xE01;&#xE23;&#xE23;&#xE21;&#xE43;&#xE2B;&#xE21;&#xE48; --
&#xE1A;&#xE17;&#xE2A;&#xE23;&#xE38;&#xE1B; --
&#xE41;&#xE2B;&#xE25;&#xE48;&#xE07;&#xE2D;&#xE49;&#xE32;&#xE07;&#xE2D;&#xE34;&#xE07; --
&#xE40;&#xE01;&#xE35;&#xE48;&#xE22;&#xE27;&#xE01;&#xE31;&#xE1A;&#xE1C;&#xE39;&#xE49;&#xE40;&#xE02;&#xE35;&#xE22;&#xE19;.</subfield>
  </datafield>
  <datafield tag="610" ind1=" " ind2=" ">
    <subfield code="b">    </subfield>
    <subfield code="x">   </subfield>
    <subfield code="y">   </subfield>
    <subfield code="z">      </subfield>
  </datafield>
  <datafield tag="650" ind1=" " ind2="4">
    <subfield code="9">4418</subfield>
    <subfield code="a">&#xE01;&#xE32;&#xE23;&#xE14;&#xE33;&#xE40;&#xE19;&#xE34;&#xE19;&#xE0A;&#xE35;&#xE27;&#xE34;&#xE15;</subfield>
  </datafield>
  <datafield tag="650" ind1=" " ind2="0">
    <subfield code="a">&#xE04;&#xE27;&#xE32;&#xE21;&#xE04;&#xE34;&#xE14;&#xE41;&#xE25;&#xE30;&#xE01;&#xE32;&#xE23;&#xE04;&#xE34;&#xE14;</subfield>
    <subfield code="9">5844</subfield>
  </datafield>
  <datafield tag="650" ind1=" " ind2="4">
    <subfield code="9">5759</subfield>
    <subfield code="a">&#xE04;&#xE27;&#xE32;&#xE21;&#xE2A;&#xE33;&#xE40;&#xE23;&#xE47;&#xE08;</subfield>
  </datafield>
  <datafield tag="650" ind1=" " ind2="4">
    <subfield code="9">31568</subfield>
    <subfield code="a">&#xE41;&#xE23;&#xE07;&#xE08;&#xE39;&#xE07;&#xE43;&#xE08;&#xE43;&#xE1D;&#xE48;&#xE2A;&#xE31;&#xE21;&#xE24;&#xE17;&#xE18;&#xE34;&#xE4C;</subfield>
  </datafield>
  <datafield tag="650" ind1=" " ind2="4">
    <subfield code="9">12521</subfield>
    <subfield code="a">&#xE40;&#xE1B;&#xE49;&#xE32;&#xE2B;&#xE21;&#xE32;&#xE22; (&#xE08;&#xE34;&#xE15;&#xE27;&#xE34;&#xE17;&#xE22;&#xE32;)</subfield>
  </datafield>
  <datafield tag="700" ind1="0" ind2=" ">
    <subfield code="9">62237</subfield>
    <subfield code="a">Halvorson, Heidi Grant. </subfield>
  </datafield>
  <datafield tag="700" ind1="0" ind2=" ">
    <subfield code="9">23743</subfield>
    <subfield code="a">&#xE04;&#xE21;&#xE01;&#xE24;&#xE0A; &#xE08;&#xE2D;&#xE07;&#xE1A;&#xE38;&#xE0D;&#xE27;&#xE31;&#xE12;&#xE19;&#xE32;</subfield>
  </datafield>
  <datafield tag="850" ind1=" " ind2=" ">
    <subfield code="a">NALT</subfield>
  </datafield>
  <datafield tag="856" ind1="4" ind2="0">
    <subfield code="u">https://ebook.parliament.go.th/ebookall/detail/431747</subfield>
    <subfield code="z">E-Book</subfield>
  </datafield>
  <datafield tag="942" ind1=" " ind2=" ">
    <subfield code="2">lcc</subfield>
    <subfield code="c">EBK</subfield>
  </datafield>
  <datafield tag="996" ind1=" " ind2=" ">
    <subfield code="a">jamriang.p</subfield>
    <subfield code="b">CATSTF	</subfield>
    <subfield code="c">2023-11-29</subfield>
  </datafield>
  <datafield tag="999" ind1=" " ind2=" ">
    <subfield code="c">102552</subfield>
    <subfield code="d">102552</subfield>
  </datafield>
  <datafield tag="998" ind1=" " ind2=" ">
    <subfield code="j">25</subfield>
    <subfield code="k"> &#xE19;&#xE35;&#xE25;&#xE27;&#xE31;&#xE2A;&#xE19;&#xE4C; &#xE2D;&#xE34;&#xE19;&#xE17;&#xE23;&#xE31;&#xE01;&#xE29;&#xE32;</subfield>
  </datafield>
  <datafield tag="952" ind1=" " ind2=" ">
    <subfield code="0">0</subfield>
    <subfield code="1">0</subfield>
    <subfield code="2">lcc</subfield>
    <subfield code="4">0</subfield>
    <subfield code="7">0</subfield>
    <subfield code="8">CERS</subfield>
    <subfield code="a">NALT</subfield>
    <subfield code="b">NALT</subfield>
    <subfield code="c">ONLINE</subfield>
    <subfield code="d">2023-09-29</subfield>
    <subfield code="e">191</subfield>
    <subfield code="r">2023-09-29 00:00:00</subfield>
    <subfield code="y">EBK</subfield>
  </datafield>
</record>
